| 000 | 00571nam a2200241 a 4500 | ||
|---|---|---|---|
| 001 | nice12345678 | ||
| 003 | IN_TiNIC | ||
| 005 | 20260116012245.0 | ||
| 008 | 050524s1960 lona grp 000 0 eng | ||
| 020 |
_a _c670.44 |
||
| 082 | 0 | 0 |
_a221 _bROB1 |
| 100 | _aRobinson, H Wheeler | ||
| 245 | _aCross in the Old Testament | ||
| 260 |
_aLondon _bScm Press _c1960 |
||
| 300 | _a192p | ||
| 500 | _aincludes index and biblioraphy | ||
| 505 | 2 | _aBibliography | |
| 650 | _aCross | ||
| 700 | 1 | _aRobinson, H Wheeler | |
| 902 | _bSRS | ||
| 942 | _cBK | ||
| 999 |
_c6266 _d6266 |
||